Estadísticas para Países cercanos a Argentina A-Z

Haz click aquí para intentar la prueba.

Estadísticas generales

  • Esta prueba ha sido intentada 75 veces
  • La puntuación promedio es 19 de 23

Estadísticas de respuestas

LetraPaísDistancia% Correcto
BBolivia / Brasil0 km
100%
CChile0 km
100%
PParaguay0 km
99%
UUruguay0 km
99%
EEcuador≈ 2330 km
97%
ZZambia≈ 7810 km
88%
VVenezuela≈ 2500 km
87%
GGuyana≈ 2640 km
84%
MMéxico≈ 4940 km
84%
OOmán≈ 12470 km
84%
YYibuti≈ 11100 km
81%
JJamaica≈ 4550 km
79%
NNicaragua≈ 4100 km
79%
HHaití≈ 4480 km
78%
KKenia≈ 9740 km
78%
DDominica≈ 4140 km
76%
FFrancia≈ 9420 km
76%
SSurinam≈ 2760 km
75%
TTrinidad y Tobago≈ 3570 km
74%
AAntigua y Barbuda≈ 4340 km
72%
IIrlanda≈ 9600 km
68%
RRepública Dominicana≈ 4440 km
60%
LLiberia≈ 5890 km
41%

Distribución de puntuación

Porcentaje por número respondido

Porcentaje de gente con cada puntuación

Historial de tus puntuaciones

No has intentado esta prueba.